[Event "XXXVII Olimpiadi femminile"]
[Site "Torino ITA"]
[Date "2006.05.31"]
[Round "10.3"]
[White "Shabanaj, Alda"]
[Black "Mendoza, Beverly"]
[Result "0-1"]
[WhiteElo "2037"]
[BlackElo "2132"]
[Annotator "ALB-PHI"]
[PlyCount "104"]
[EventDate "2006.05.21"]

1. d4 f5 2. c4 Nf6 3. Nf3 e6 4. g3 Be7 5. Bg2 O-O 6. O-O d6 7. Nc3 Qe8 8. b3 a5
9. Bb2 Qh5 10. Nd2 Qh6 11. e3 Na6 12. a3 c6 13. d5 e5 14. Qe2 Bd7 15. Na4 Bd8
16. dxc6 Bxc6 17. Nc3 Kh8 18. e4 fxe4 19. Ndxe4 Nxe4 20. Bxe4 Nc5 21. Bxc6 bxc6
22. b4 Ne6 23. Ne4 d5 24. Nd2 e4 25. f4 Bf6 26. Bxf6 Qxf6 27. b5 Nd4 28. Qf2 e3
29. Qxe3 Nc2 30. Qe5 Nxa1 31. Rxa1 Rae8 32. Qxf6 Rxf6 33. bxc6 Rxc6 34. cxd5
Rd6 35. Nc4 Rxd5 36. Ne5 Rd2 37. Re1 Kg8 38. Rc1 Ra2 39. Rc3 h6 40. h4 h5 41.
Kf1 Rb8 42. Nd3 Rb1+ 43. Ne1 a4 44. Rc8+ Kh7 45. Rc5 Kg6 46. Rc6+ Kf7 47. Rc7+
Ke6 48. Rc3 Rb3 49. Rc5 Rxg3 50. Rxh5 Rh3 51. Kg1 Re3 52. Ng2 Rg3 0-1

[Event "XXXVII Olimpiadi femminile"]
[Site "Torino ITA"]
[Date "2006.05.31"]
[Round "10.1"]
[White "Zepeda Cortez, Lorena Marisela"]
[Black "Sukandar, Irine Kharisma"]
[Result "1-0"]
[WhiteElo "2122"]
[BlackElo "2213"]
[Annotator "ESA-INA"]
[PlyCount "133"]
[EventDate "2006.05.21"]

1. e4 c5 2. Nf3 Nc6 3. d4 cxd4 4. Nxd4 g6 5. c4 Bg7 6. Be3 Nf6 7. Nc3 O-O 8.
Be2 d6 9. Qd2 Bd7 10. f3 a5 11. O-O Nxd4 12. Bxd4 Bc6 13. Be3 Nd7 14. b3 Nc5
15. Rac1 Qb6 16. Nb5 Rfc8 17. Rfd1 Qa6 18. Bg5 Qb6 19. Kh1 Bxb5 20. cxb5 Qc7
21. Qd5 Bb2 22. Rc2 Be5 23. f4 Bg7 24. b6 Qxb6 25. e5 dxe5 26. Bxe7 Ne6 27.
Rxc8+ Rxc8 28. fxe5 Nf4 29. Qd7 Qc6 30. Qxc6 bxc6 31. Ba6 Re8 32. Rd8 Rxd8 33.
Bxd8 a4 34. bxa4 Bxe5 35. Bb7 c5 36. a5 c4 37. Bb6 c3 38. a6 Bb8 39. a7 Bxa7
40. Bxa7 c2 41. Be3 Nd3 42. a4 Nf2+ 43. Kg1 Nd1 44. Bc1 Nc3 45. Kf2 Na2 46. Bb2
Nc3 47. Bc1 Na2 48. Be4 Nxc1 49. Bxc2 Na2 50. a5 Nb4 51. Be4 Kf8 52. Bb7 Ke7
53. a6 Nxa6 54. Bxa6 h6 55. Ke3 f5 56. Kd4 Kf6 57. Bd3 g5 58. h3 h5 59. g3 Ke6
60. Be2 h4 61. g4 fxg4 62. hxg4 Kd6 63. Ke4 Ke6 64. Bf3 h3 65. Bh1 h2 66. Bg2
Kf6 67. Kd5 1-0

[Event "XXXVII Olimpiadi femminile"]
[Site "Torino ITA"]
[Date "2006.05.31"]
[Round "10.1"]
[White "Hagesaether, Ellen"]
[Black "Koskoska, Gabriela"]
[Result "1/2-1/2"]
[WhiteElo "2226"]
[BlackElo "2220"]
[Annotator "NOR-MKD"]
[PlyCount "105"]
[EventDate "2006.05.21"]

1. Nf3 c5 2. g3 Nc6 3. Bg2 g6 4. O-O Bg7 5. e4 e5 6. d3 d6 7. c3 Nge7 8. a3 O-O
9. b4 a6 10. Nbd2 h6 11. Rb1 Rb8 12. Bb2 Be6 13. Nb3 cxb4 14. axb4 b5 15. Re1
a5 16. bxa5 Nxa5 17. Nxa5 Qxa5 18. d4 Rfd8 19. Ra1 Qc7 20. Qd2 Nc8 21. d5 Bg4
22. Ba3 Nb6 23. Bb4 Ra8 24. Qd3 Qc4 25. Qe3 Qc7 26. Nd2 Na4 27. Bf1 Bd7 28. Ra3
Bf8 29. Rea1 Qb7 30. f4 exf4 31. Qxf4 Nc5 32. c4 Rxa3 33. Rxa3 bxc4 34. Bc3 f5
35. exf5 Bxf5 36. g4 Bd3 37. Bxd3 Nxd3 38. Qf6 Qe7 39. Qxg6+ Bg7 40. Nxc4 Ne5
41. Bxe5 dxe5 42. d6 Qb7 43. Re3 Qd5 44. Qe4 Qxe4 45. Rxe4 Kf7 46. Kf2 Ke6 47.
Re1 Kd5 48. Ne3+ Ke6 49. Nf5 Bf8 50. Rd1 h5 51. h3 hxg4 52. hxg4 Bxd6 53. Nxd6
1/2-1/2

[Event "XXXVII Olimpiadi femminile"]
[Site "Torino ITA"]
[Date "2006.05.31"]
[Round "10.2"]
[White "Kizova, Aleksandra"]
[Black "Berntsen, Sheila Barth"]
[Result "1/2-1/2"]
[WhiteElo "2011"]
[BlackElo "2159"]
[Annotator "NOR-MKD"]
[PlyCount "100"]
[EventDate "2006.05.21"]

1. d4 d5 2. c4 c6 3. cxd5 cxd5 4. Bf4 Nc6 5. Nc3 Nf6 6. e3 Bf5 7. Nf3 e6 8. Bb5
Nd7 9. Qa4 Rc8 10. O-O a6 11. Bxc6 Rxc6 12. Rfc1 Be7 13. Qd1 b5 14. Ne5 Nxe5
15. Bxe5 O-O 16. Ne2 Rc4 17. Ng3 Bg6 18. Nf1 Qa8 19. Nd2 Rcc8 20. Rc7 Rxc7 21.
Bxc7 Qb7 22. Rc1 b4 23. Nb3 Qb5 24. Bg3 Qa4 25. Rc7 Re8 26. Qc1 h6 27. Qa1 Bd8
28. Nc5 Qb5 29. Rb7 Qc4 30. Rb8 f6 31. Nb7 Be7 32. Nd6 Bxd6 33. Bxd6 Rxb8 34.
Bxb8 a5 35. Bd6 a4 36. a3 b3 37. Bb4 Qe2 38. Bc3 Be4 39. Qf1 Qc2 40. h3 Bd3 41.
Qe1 h5 42. Qd2 g5 43. f3 Kf7 44. Qe1 h4 45. Qd2 Kg6 46. Qe1 Kf5 47. Qd2 Qxd2
48. Bxd2 e5 49. dxe5 fxe5 50. Bc3 Bc2 1/2-1/2

[Event "XXXVII Olimpiadi femminile"]
[Site "Torino ITA"]
[Date "2006.05.31"]
[Round "10.3"]
[White "Bjerke, Silje"]
[Black "Jonoska, Katerina"]
[Result "1/2-1/2"]
[WhiteElo "2161"]
[BlackElo "2051"]
[Annotator "NOR-MKD"]
[PlyCount "64"]
[EventDate "2006.05.21"]

1. d4 e6 2. c4 b6 3. Nc3 Bb7 4. Nf3 Bb4 5. Qc2 f5 6. e3 Bxc3+ 7. Qxc3 Nf6 8.
Be2 Ne4 9. Qc2 O-O 10. O-O d6 11. a3 a5 12. b3 Nd7 13. Ne1 Qh4 14. f3 Ng5 15.
g3 Qh5 16. h4 Nf7 17. Ng2 Qg6 18. Kh2 e5 19. d5 Nf6 20. g4 fxg4 21. Qxg6 hxg6
22. fxg4 Bc8 23. g5 Ne4 24. Bd3 Bf5 25. Ne1 Nd8 26. Ra2 Nb7 27. Rg2 Nbc5 28.
Bc2 Rf7 29. b4 axb4 30. axb4 Nd7 31. Nd3 Ra2 32. Ne1 Ra8 1/2-1/2

[Event "XXXVII Olimpiadi femminile"]
[Site "Torino ITA"]
[Date "2006.05.31"]
[Round "10.2"]
[White "Smokina, Karolina"]
[Black "Caoili, Arianne"]
[Result "1-0"]
[WhiteElo "2252"]
[BlackElo "2169"]
[Annotator "AUS-MDA"]
[PlyCount "81"]
[EventDate "2006.05.21"]

1. c4 Nf6 2. Nc3 e5 3. g3 d5 4. cxd5 Nxd5 5. Bg2 Nb6 6. Nf3 Nc6 7. O-O Be7 8.
d3 O-O 9. Be3 Be6 10. d4 exd4 11. Nxd4 Nxd4 12. Qxd4 Qxd4 13. Bxd4 c6 14. b3
Rfd8 15. Rad1 Nd5 16. Nxd5 Bxd5 17. e4 Be6 18. Be3 Rxd1 19. Rxd1 a5 20. f4 f6
21. f5 Bc8 22. a4 Kf8 23. Bf1 Ke8 24. Bc4 Bb4 25. Bb6 Bd7 26. Kf2 Ke7 27. Ke3
Re8 28. g4 Bc8 29. Kf4 Bd6+ 30. Kf3 Bb4 31. h4 g6 32. h5 g5 33. h6 Rf8 34. e5
fxe5 35. Ke4 Bd6 36. Be3 b5 37. Bxg5+ Kd7 38. axb5 Bb7 39. Be6+ Kc7 40. b6+
Kxb6 41. Rxd6 1-0

[Event "XXXVII Olimpiadi femminile"]
[Site "Torino ITA"]
[Date "2006.05.31"]
[Round "10.3"]
[White "Phan-Koshnitsky, Ngan"]
[Black "Partac, Elena"]
[Result "0-1"]
[WhiteElo "2181"]
[BlackElo "2095"]
[Annotator "AUS-MDA"]
[PlyCount "102"]
[EventDate "2006.05.21"]

1. d4 Nf6 2. c4 e6 3. Nf3 Bb4+ 4. Bd2 Qe7 5. g3 Nc6 6. Bg2 Bxd2+ 7. Nbxd2 d6 8.
e4 O-O 9. O-O e5 10. d5 Nb8 11. Qc2 a5 12. b3 Na6 13. a3 Bd7 14. Rfe1 c6 15.
Bf1 cxd5 16. exd5 Qd8 17. Qc3 Rc8 18. Qe3 Ng4 19. Qe2 f5 20. h3 Nh6 21. Nh2 Qf6
22. f3 Qd8 23. Qf2 g5 24. f4 gxf4 25. gxf4 e4 26. Re3 Qf6 27. Rae1 Kh8 28. Kh1
Rg8 29. Rg3 Rxg3 30. Qxg3 Rg8 31. Qf2 Be8 32. Be2 Qc3 33. Bf1 Bh5 34. Qe3 Qg7
35. Rc1 Nf7 36. Re1 Nc5 37. Qf2 h6 38. Re3 Qd4 39. Qe1 a4 40. bxa4 Qg7 41. Qf2
Nxa4 42. Nb1 Nb2 43. Nc3 Kh7 44. Ng4 fxg4 45. Qxb2 gxh3 46. Qf2 Bf3+ 47. Kh2
Qf6 48. Ne2 h5 49. Bxh3 Nh6 50. Rb3 Ng4+ 51. Bxg4 Rxg4 0-1

[Event "XXXVII Olimpiadi femminile"]
[Site "Torino ITA"]
[Date "2006.05.31"]
[Round "10.2"]
[White "Hernandez, Zaida"]
[Black "Sommer, Sonja"]
[Result "0-1"]
[WhiteElo "2046"]
[BlackElo "2047"]
[Annotator "AUT-VEN"]
[PlyCount "70"]
[EventDate "2006.05.21"]

1. e4 e5 2. Nf3 Nc6 3. d4 exd4 4. Nxd4 Bc5 5. Nb3 Bb6 6. Nc3 d6 7. a4 a6 8. a5
Ba7 9. Nd5 Nge7 10. Bg5 Be6 11. Nxe7 Nxe7 12. Nd4 Qd7 13. Be2 Nc6 14. Nxe6 Qxe6
15. O-O O-O 16. Kh1 f5 17. exf5 Qxf5 18. f4 Rae8 19. Bd3 Qf7 20. Ra4 d5 21. Qg4
Ne7 22. Rb4 b6 23. axb6 Bxb6 24. Bxa6 Nf5 25. Bd3 Re3 26. Bxf5 Qxf5 27. Qxf5
Rxf5 28. Ra1 Rf8 29. c3 Re2 30. h3 Bf2 31. Rd1 h6 32. Rxd5 Bg3 33. Rd1 hxg5 34.
Rb7 Rfe8 35. Rf1 Re1 0-1

[Event "XXXVII Olimpiadi femminile"]
[Site "Torino ITA"]
[Date "2006.05.31"]
[Round "10.1"]
[White "Houska, Jovanka"]
[Black "Isgandarova, Khayala Ilqar Qizi"]
[Result "1-0"]
[WhiteElo "2378"]
[BlackElo "2104"]
[Annotator "ENG-AZE"]
[PlyCount "171"]
[EventDate "2006.05.21"]

1. e4 e6 2. d4 d5 3. Nc3 Nf6 4. e5 Nfd7 5. f4 c5 6. Nf3 Nc6 7. Be3 cxd4 8. Nxd4
Bc5 9. Qd2 Nxd4 10. Bxd4 Bxd4 11. Qxd4 Qb6 12. Nb5 Qxd4 13. Nxd4 Nc5 14. h4 h5
15. Rh3 Bd7 16. Rg3 g6 17. Bd3 Ke7 18. Kd2 Rac8 19. c3 Na4 20. Rb1 a6 21. Bc2
Nb6 22. b3 Bc6 23. Rh1 Nd7 24. Kc1 Nc5 25. Kb2 Bd7 26. b4 Na4+ 27. Bxa4 Bxa4
28. Ra1 Rc7 29. Ka3 Bb5 30. Kb3 Bc4+ 31. Kb2 b6 32. a4 Rcc8 33. Re3 Rhg8 34.
Kc2 Rg7 35. Ree1 Rgg8 36. Kd2 Rh8 37. Ke3 Rhg8 38. Red1 Rh8 39. Ra3 Rhg8 40.
Nf3 Rh8 41. Rd4 Rhd8 42. Nd2 Rd7 43. Nf3 Rdc7 44. Rd1 Rh8 45. Nd4 Rcc8 46. Rd2
Rhg8 47. Ra1 Rh8 48. g3 Rhg8 49. Rg1 Rh8 50. Ra1 Rhg8 51. a5 b5 52. Rg2 Kd7 53.
Rh1 Rh8 54. g4 hxg4 55. Rxg4 Rh5 56. Rg5 Rch8 57. Rxh5 Rxh5 58. Nf3 Rh8 59. Ng5
Ke7 60. Kd4 Be2 61. Rh2 Bf1 62. Nf3 Rc8 63. Nd2 Bc4 64. h5 gxh5 65. Rxh5 Be2
66. Rh4 Bd1 67. Kd3 Rg8 68. Nf1 Bg4 69. Ne3 Bf3 70. Kd4 Be4 71. Rh3 Rc8 72. Rh6
Kd7 73. f5 Rc6 74. Rh7 exf5 75. Rxf7+ Ke8 76. Rf6 Rc7 77. e6 Rc6 78. Nxf5 Rc4+
79. Ke5 Bxf5 80. Rxf5 Rxc3 81. Kd6 Re3 82. Rh5 Kf8 83. Kd7 d4 84. Rf5+ Kg7 85.
e7 Kg6 86. Rf1 1-0

[Event "XXXVII Olimpiadi femminile"]
[Site "Torino ITA"]
[Date "2006.05.31"]
[Round "10.3"]
[White "Bellin, Jana M."]
[Black "Aghasiyeva, Fidan Aydin Qizi"]
[Result "0-1"]
[WhiteElo "2170"]
[BlackElo "2088"]
[Annotator "ENG-AZE"]
[PlyCount "60"]
[EventDate "2006.05.21"]

1. d4 e6 2. Nf3 f5 3. g3 Nf6 4. Bg2 d6 5. c4 Be7 6. Nc3 O-O 7. O-O Qe8 8. b3
Qh5 9. Ba3 Re8 10. e3 Nbd7 11. Ne1 Qg6 12. Nd3 e5 13. dxe5 dxe5 14. Bxe7 Rxe7
15. Nb5 Ne8 16. Nc3 c6 17. e4 Ndf6 18. f4 exf4 19. Nxf4 Qh6 20. Re1 g5 21. Nd3
f4 22. gxf4 gxf4 23. Qd2 Nh5 24. Rf1 Rg7 25. Rf2 Bh3 26. Ne1 Nef6 27. Kf1 Ng4
28. Bxh3 Nxf2 29. Kxf2 Ng3 30. Bg2 Qxh2 0-1

[Event "XXXVII Olimpiadi femminile"]
[Site "Torino ITA"]
[Date "2006.05.31"]
[Round "10.1"]
[White "Ptacnikova, Lenka"]
[Black "Arnetta, Maria Teresa"]
[Result "1-0"]
[WhiteElo "2183"]
[BlackElo "1992"]
[Annotator "ISL-ITA2"]
[PlyCount "71"]
[EventDate "2006.05.21"]

1. c4 e5 2. g3 Nf6 3. Bg2 h6 4. Nc3 Bb4 5. Nd5 Nxd5 6. cxd5 c6 7. a3 Be7 8. e3
O-O 9. Ne2 cxd5 10. Bxd5 Na6 11. O-O Nc7 12. Bg2 d5 13. f4 exf4 14. Nxf4 d4 15.
e4 Bg5 16. d3 Bd7 17. Qb3 Ne6 18. Qxb7 Nc5 19. Qd5 Qe7 20. Ng6 Qe8 21. Nxf8
Qxf8 22. b4 Bxc1 23. Raxc1 Nxd3 24. Qxd7 Nxc1 25. Rxc1 Rd8 26. Qxa7 d3 27. Rd1
Qd6 28. Bf1 d2 29. Bc4 Rd7 30. Qe3 Qf6 31. Bd5 Rc7 32. Qxd2 Qb6+ 33. Qf2 Qa6
34. Rf1 Qxa3 35. Bxf7+ Kh7 36. Bg6+ 1-0

[Event "XXXVII Olimpiadi femminile"]
[Site "Torino ITA"]
[Date "2006.05.31"]
[Round "10.2"]
[White "Goi, Veronika"]
[Black "Gretarsdottir, Lilja"]
[Result "1/2-1/2"]
[WhiteElo "1913"]
[BlackElo "2013"]
[Annotator "ISL-ITA2"]
[PlyCount "72"]
[EventDate "2006.05.21"]

1. d4 d5 2. c4 c6 3. Nc3 dxc4 4. a4 e5 5. Nf3 exd4 6. Nxd4 a6 7. e3 c5 8. Nf3
Qxd1+ 9. Kxd1 Be6 10. Ng5 Nc6 11. Nxe6 fxe6 12. Bxc4 e5 13. Bd2 Nf6 14. f3
O-O-O 15. Ke2 Bd6 16. Rac1 Kd7 17. Rhd1 Rb8 18. Be1 Ke7 19. Bh4 Nb4 20. Ne4
Rhd8 21. Bb3 Rbc8 22. Rd2 b5 23. axb5 axb5 24. Rcd1 Rc6 25. Bd5 Rb6 26. Ra1 Rd7
27. Nc3 Rb8 28. Be4 Bc7 29. Rxd7+ Kxd7 30. Rd1+ Ke6 31. Be1 c4 32. Bb1 Nbd5 33.
Ba2 Ra8 34. Bb1 Rb8 35. Ba2 Ra8 36. Bb1 Rb8 1/2-1/2

[Event "XXXVII Olimpiadi femminile"]
[Site "Torino ITA"]
[Date "2006.05.31"]
[Round "10.3"]
[White "Fridthjofsdottir, Sigurlaug Regina"]
[Black "Brunello, Marina"]
[Result "1/2-1/2"]
[WhiteElo "1876"]
[BlackElo "1920"]
[Annotator "ISL-ITA2"]
[PlyCount "82"]
[EventDate "2006.05.21"]

1. e4 e5 2. Nf3 Nc6 3. Bb5 d6 4. d4 Bd7 5. Nc3 Nf6 6. O-O Be7 7. Re1 exd4 8.
Nxd4 O-O 9. Bxc6 bxc6 10. Bf4 c5 11. Nf5 Re8 12. Nxe7+ Rxe7 13. e5 dxe5 14.
Rxe5 Rxe5 15. Bxe5 Bf5 16. Qxd8+ Rxd8 17. Bxf6 gxf6 18. Rd1 Rxd1+ 19. Nxd1 Bxc2
20. Ne3 Be4 21. f3 Bb7 22. Kf2 Kf8 23. Kg3 Kg7 24. Kf4 Kg6 25. Nd1 Ba6 26. Nc3
Bf1 27. g3 Bc4 28. a3 f5 29. Na4 Kf6 30. Nxc5 Be6 31. b4 h6 32. Na6 c6 33. Nc5
Bd5 34. Nd3 Be6 35. Ke3 Bd5 36. f4 Ke6 37. Kd4 Kd6 38. Ne5 Be6 39. Nd3 Bd5 40.
Nb2 Bb3 41. Nd3 Bd5 1/2-1/2

[Event "XXXVII Olimpiadi femminile"]
[Site "Torino ITA"]
[Date "2006.05.31"]
[Round "10.1"]
[White "Methmali, Uluwitike Gamage Yashod"]
[Black "Wan, Khye Theng"]
[Result "0-1"]
[WhiteElo "1872"]
[BlackElo "1989"]
[Annotator "SRI-MAS"]
[PlyCount "84"]
[EventDate "2006.05.21"]

1. e4 e6 2. d4 d5 3. Nd2 Nf6 4. e5 Nfd7 5. Bd3 c5 6. c3 Nc6 7. Ne2 cxd4 8. cxd4
f6 9. exf6 Nxf6 10. Nf3 Bd6 11. O-O Qc7 12. Re1 O-O 13. Nc3 a6 14. h3 e5 15.
dxe5 Nxe5 16. Nxe5 Bxe5 17. Qb3 Be6 18. Bg5 Qd6 19. Qd1 Bf7 20. Bc2 Rac8 21.
Qd2 Rc7 22. Rxe5 Qxe5 23. Bf4 Qe7 24. Re1 Qc5 25. Bxc7 Qxc7 26. Bb3 Rd8 27. Qd4
Qd6 28. Na4 b5 29. Nc5 Rc8 30. Nd3 a5 31. Qa7 a4 32. Bd1 Re8 33. Rxe8+ Bxe8 34.
g3 Qe6 35. Kg2 Qe4+ 36. Bf3 Qxd3 37. Qe7 Qf5 38. Qb7 Qe5 39. g4 h6 40. Qb6 d4
41. Qd8 Kh7 42. Qb6 Bg6 0-1

[Event "XXXVII Olimpiadi femminile"]
[Site "Torino ITA"]
[Date "2006.05.31"]
[Round "10.2"]
[White "Zullkafli, Nur Shazwani"]
[Black "Wijayawardena, Dangampolage M.C."]
[Result "1-0"]
[WhiteElo "2108"]
[BlackElo "1872"]
[Annotator "SRI-MAS"]
[PlyCount "113"]
[EventDate "2006.05.21"]

1. e4 c5 2. Nf3 d6 3. d4 cxd4 4. Nxd4 Nf6 5. Nc3 a6 6. Be2 e6 7. Be3 Be7 8. O-O
Qc7 9. a4 b6 10. f4 Bb7 11. Bf3 O-O 12. Qe2 Nbd7 13. Nb3 Nc5 14. Bf2 Nxb3 15.
cxb3 Bc6 16. Rfe1 Qb7 17. Rad1 Nd7 18. b4 b5 19. a5 Rfe8 20. Qc2 Rac8 21. Qb3
Nf6 22. Bd4 Nd7 23. Bg4 Nf6 24. Bf3 Rcd8 25. Bb6 Rc8 26. Rd2 Nd7 27. Bf2 e5 28.
f5 Nf6 29. g4 h6 30. Rde2 Rf8 31. Rd1 Kh8 32. Kg2 g6 33. Bh4 Rcd8 34. Kh3 g5
35. Bf2 Kg7 36. Kg2 Rh8 37. h4 Nh7 38. hxg5 hxg5 39. Rh1 Rc8 40. Qd1 Qd7 41.
Rd2 Qb7 42. Re2 Qd7 43. Bg3 Rhd8 44. Rd2 Qb7 45. Qe2 Bf6 46. Bf2 Be7 47. Rdd1
Rh8 48. Qd2 Rcd8 49. Be3 Rd7 50. Rh2 Rdd8 51. Rdh1 Rd7 52. Rh5 f6 53. Bxg5 fxg5
54. Kg3 Bf8 55. Rxg5+ Kf7 56. Rg6 Ke8 57. g5 1-0

[Event "XXXVII Olimpiadi femminile"]
[Site "Torino ITA"]
[Date "2006.05.31"]
[Round "10.3"]
[White "Senanayaka, Pramodya Ruchirani"]
[Black "Marmono, Roslina"]
[Result "1/2-1/2"]
[WhiteElo "1846"]
[BlackElo "1976"]
[Annotator "SRI-MAS"]
[PlyCount "53"]
[EventDate "2006.05.21"]

1. e4 e6 2. d4 d5 3. Nd2 Nf6 4. e5 Nfd7 5. Bd3 c5 6. c3 Nc6 7. Ne2 Qb6 8. Nf3
cxd4 9. cxd4 Bb4+ 10. Bd2 Be7 11. Bc3 f5 12. exf6 Nxf6 13. O-O O-O 14. Kh1 Qc7
15. h3 Bd6 16. Rc1 a6 17. a3 Bd7 18. Qc2 h6 19. Rfe1 Nh5 20. Rcd1 Rf6 21. Rf1
Raf8 22. Bd2 Nf4 23. Nxf4 Bxf4 24. Bxf4 Qxf4 25. Qd2 Qd6 26. Rde1 Rf4 27. Bb1
1/2-1/2

[Event "XXXVII Olimpiadi femminile"]
[Site "Torino ITA"]
[Date "2006.05.31"]
[Round "10.1"]
[White "Zhu, Hui"]
[Black "Zapata, Karen"]
[Result "0-1"]
[WhiteElo "2050"]
[BlackElo "2236"]
[Annotator "JAM-PER"]
[PlyCount "106"]
[EventDate "2006.05.21"]

1. e4 c5 2. Nf3 Nc6 3. d4 cxd4 4. Nxd4 Nf6 5. Nc3 e5 6. Nb3 Bb4 7. Bd2 Bxc3 8.
Bxc3 Nxe4 9. Bc4 Nxc3 10. bxc3 O-O 11. O-O Qg5 12. Qd3 b6 13. Bd5 a5 14. a3 a4
15. Nd2 Ba6 16. c4 Kh8 17. Rfe1 Qe7 18. Be4 g6 19. Qe3 f6 20. Qxb6 Rfb8 21. Qe3
Rb2 22. Reb1 Rab8 23. Rxb2 Rxb2 24. Qc3 Rb6 25. Rb1 Rxb1+ 26. Nxb1 Qc5 27. Bxc6
Qxc6 28. Qb4 d6 29. Nc3 Bxc4 30. Qxa4 Qxa4 31. Nxa4 Kg7 32. Nb6 Ba6 33. f3 Kf7
34. Kf2 Ke6 35. c4 f5 36. Ke3 g5 37. a4 h5 38. h3 h4 39. a5 Bb7 40. Kd3 Ke7 41.
Nd5+ Bxd5 42. cxd5 Kd7 43. Kc4 Kc7 44. Kb4 Kb7 45. Kb5 Ka7 46. Kc4 Ka6 47. Kb4
f4 48. Kc4 Kxa5 49. Kc3 Kb5 50. Kd3 Kc5 51. Ke4 Kc4 52. Kf5 Kxd5 53. Kxg5 Ke6
0-1

[Event "XXXVII Olimpiadi femminile"]
[Site "Torino ITA"]
[Date "2006.05.31"]
[Round "10.1"]
[White "Ribeiro Santos, Regina Lucia"]
[Black "Bakalarz, Grazyna"]
[Result "1/2-1/2"]
[WhiteElo "2111"]
[BlackElo "2068"]
[Annotator "BRA-LUX"]
[PlyCount "58"]
[EventDate "2006.05.21"]

1. Nf3 Nf6 2. g3 g6 3. Bg2 Bg7 4. O-O d5 5. d4 O-O 6. c4 dxc4 7. Na3 c5 8. Nxc4
cxd4 9. Nxd4 Qc7 10. Qb3 e5 11. Nb5 Qe7 12. Bd2 Nc6 13. Bxc6 bxc6 14. Bb4 c5
15. Bc3 Ne4 16. Qc2 Nxc3 17. Nxc3 Be6 18. b3 Rfd8 19. Rad1 Bh3 20. Rfe1 Bf5 21.
e4 Bg4 22. Nd5 Qb7 23. Rd3 f5 24. f3 fxe4 25. fxe4 Rd7 26. Na5 Qb5 27. Nc4 Qb7
28. Na5 Qb5 29. Nc4 Qb7 1/2-1/2

[Event "XXXVII Olimpiadi femminile"]
[Site "Torino ITA"]
[Date "2006.05.31"]
[Round "10.2"]
[White "Steil-Antoni, Fiona"]
[Black "Chaves, Joara"]
[Result "1-0"]
[WhiteElo "1968"]
[BlackElo "2035"]
[Annotator "BRA-LUX"]
[PlyCount "57"]
[EventDate "2006.05.21"]

1. e4 e5 2. Nf3 Nc6 3. d4 exd4 4. Bc4 Bc5 5. O-O Nf6 6. e5 d5 7. exf6 dxc4 8.
Re1+ Be6 9. Ng5 g6 10. Nxe6 fxe6 11. Qg4 Qd5 12. Bg5 Kf7 13. Nd2 h6 14. Bh4 Qf5
15. Qd1 Bb4 16. c3 dxc3 17. Nxc4 Rad8 18. Qb3 cxb2 19. Qxb2 Qf4 20. Qe2 Bxe1
21. Rxe1 Rhe8 22. Bg3 Qg5 23. Ne5+ Nxe5 24. Bxe5 Qd2 25. Qe4 c6 26. h4 h5 27.
Re3 Qd5 28. Qf4 Rh8 29. Rg3 1-0

[Event "XXXVII Olimpiadi femminile"]
[Site "Torino ITA"]
[Date "2006.05.31"]
[Round "10.1"]
[White "Milligan, Helen"]
[Black "Cast, Abigail"]
[Result "0-1"]
[WhiteElo "2053"]
[BlackElo "2116"]
[Annotator "SCO-WLS"]
[PlyCount "114"]
[EventDate "2006.05.21"]

1. e4 e6 2. d4 d5 3. Nc3 Nf6 4. e5 Nfd7 5. f4 c5 6. Nf3 Nc6 7. Be3 cxd4 8. Nxd4
Bc5 9. Qd2 Nxd4 10. Bxd4 Bxd4 11. Qxd4 f6 12. exf6 Nxf6 13. Bd3 O-O 14. O-O Bd7
15. f5 e5 16. Qxe5 Qb6+ 17. Kh1 Rae8 18. Qf4 Qxb2 19. Ne2 Qe5 20. Nd4 Ne4 21.
Qxe5 Rxe5 22. Kg1 Nc5 23. Rae1 Nxd3 24. cxd3 Rxe1 25. Rxe1 Re8 26. Rc1 Rc8 27.
Rb1 b6 28. g4 Kf7 29. Kf2 Kf6 30. h4 h5 31. g5+ Ke5 32. Ke3 Bxf5 33. Rf1 Bg6
34. Nf3+ Kd6 35. Nd4 Re8+ 36. Kd2 Re7 37. a3 Rd7 38. Kc3 Rc7+ 39. Kd2 Ke5 40.
Nb5 Rd7 41. Rf2 a6 42. Nc3 Rf7 43. Re2+ Kd6 44. Nd1 Rf4 45. Kc3 Rxh4 46. Rb2 b5
47. Rg2 Rh3 48. Nf2 Rf3 49. Kd2 Kc5 50. Ke2 Rf4 51. Rg1 Ra4 52. Rc1+ Kd6 53.
Rc3 Bf5 54. Rb3 g6 55. Ke3 Ke5 56. Nd1 Rg4 57. Kf3 Rxg5 0-1

[Event "XXXVII Olimpiadi femminile"]
[Site "Torino ITA"]
[Date "2006.05.31"]
[Round "10.2"]
[White "Wilson, Julie"]
[Black "Giulian, Rosemary A."]
[Result "1/2-1/2"]
[WhiteElo "1945"]
[BlackElo "2050"]
[Annotator "SCO-WLS"]
[PlyCount "53"]
[EventDate "2006.05.21"]

1. d4 e6 2. c4 Nf6 3. Nf3 Bb4+ 4. Bd2 Bxd2+ 5. Nbxd2 d5 6. Qc2 O-O 7. e3 Nbd7
8. Rc1 c6 9. Bd3 g6 10. O-O Re8 11. Rfe1 e5 12. cxd5 Nxd5 13. a3 exd4 14. Nxd4
Ne5 15. Be2 Bg4 16. Bxg4 Nxg4 17. N2f3 Ne5 18. Rcd1 Nxf3+ 19. Nxf3 Qf6 20. e4
Nf4 21. Qb3 Qe7 22. Qe3 Ne6 23. Re2 Qc5 24. Qxc5 Nxc5 25. Rd4 Rad8 26. Rxd8
Rxd8 27. Rd2 1/2-1/2

[Event "XXXVII Olimpiadi femminile"]
[Site "Torino ITA"]
[Date "2006.05.31"]
[Round "10.1"]
[White "Luna, Raisa"]
[Black "Vovk, Oksana"]
[Result "0-1"]
[WhiteElo "1974"]
[BlackElo "2164"]
[Annotator "BOL-DEN"]
[PlyCount "104"]
[EventDate "2006.05.21"]

1. d4 Nf6 2. c4 e6 3. Nc3 Bb4 4. Qc2 O-O 5. Bg5 d6 6. e3 Nbd7 7. Bd3 h6 8. Bh4
b6 9. Nge2 Bb7 10. f3 c5 11. a3 Bxc3+ 12. bxc3 Rc8 13. O-O Qc7 14. Rac1 Ba6 15.
Qa4 Qb7 16. Rfd1 Rfe8 17. e4 e5 18. d5 Rb8 19. Rb1 Qc8 20. Bf2 Bb7 21. Be3 Qc7
22. Ng3 Nf8 23. Nf5 Bc8 24. g4 Ng6 25. Bf1 Bd7 26. Qc2 Kh7 27. Rb2 Bxf5 28.
gxf5 Nf4 29. Bxf4 exf4 30. Qd2 Nh5 31. Bd3 Re5 32. Kf2 Qe7 33. Rg1 g6 34. fxg6+
fxg6 35. Kf1 Qh4 36. Qf2 Qxf2+ 37. Kxf2 Nf6 38. a4 Nd7 39. Rgb1 Ree8 40. Bf1
Kg7 41. Bh3 Ne5 42. Bf1 Nd7 43. Bh3 Ne5 44. Bf1 Rb7 45. a5 Reb8 46. axb6 Rxb6
47. Rxb6 Rxb6 48. Rxb6 axb6 49. Be2 Kf6 50. h4 g5 51. h5 Ke7 52. Ke1 Nd7 0-1

[Event "XXXVII Olimpiadi femminile"]
[Site "Torino ITA"]
[Date "2006.05.31"]
[Round "10.2"]
[White "De Blecourt Dalsberg, Sandra"]
[Black "Ramirez, Maria Eugenia"]
[Result "1-0"]
[WhiteElo "2077"]
[BlackElo "1940"]
[Annotator "BOL-DEN"]
[PlyCount "143"]
[EventDate "2006.05.21"]

1. d4 Nf6 2. c4 c5 3. d5 e6 4. Nc3 exd5 5. cxd5 d6 6. e4 g6 7. f4 Bg7 8. Bb5+
Nfd7 9. a4 O-O 10. Nf3 Qa5 11. Bd2 Re8 12. O-O Qc7 13. Re1 Na6 14. Bf1 Nb4 15.
Nb5 Qb8 16. Bc3 f6 17. h4 Nf8 18. Bxb4 cxb4 19. Rc1 Re7 20. a5 a6 21. Nbd4 Bd7
22. Qb3 Qe8 23. Bd3 Bg4 24. Qxb4 Rd8 25. Qb6 Bh6 26. g3 Qd7 27. Rc2 f5 28. e5
Bxf3 29. Nxf3 dxe5 30. fxe5 f4 31. d6 Ree8 32. gxf4 Qg4+ 33. Kf2 Qxf4 34. Rc4
Qf7 35. Rc7 Qf4 36. Rc4 Qf7 37. Rc7 Qf4 38. Qxb7 Rb8 39. Qd5+ Kh8 40. Re2 Ne6
41. Rc4 Qf7 42. Rc6 Qa7+ 43. Kf1 Nf4 44. Rc7 Qxc7 45. dxc7 Nxd5 46. cxb8=Q Rxb8
47. Bxa6 Ne3+ 48. Ke1 Ra8 49. Bd3 Rxa5 50. Kf2 Nd5 51. e6 Ra7 52. Rc2 Re7 53.
Rc6 Nb4 54. Rc8+ Kg7 55. Bc4 Bc1 56. b3 Bb2 57. Ke2 Na2 58. Kd3 Bf6 59. Rb8 Kh6
60. Rf8 Nb4+ 61. Ke4 Bg7 62. Rf7 Re8 63. Ne5 Na6 64. Ng4+ Kh5 65. Rxg7 Kxg4 66.
Rxh7 Nc5+ 67. Ke5 Rb8 68. e7 Nd7+ 69. Ke6 Nc5+ 70. Kf7 Rb7 71. Kxg6 Rb8 72. Bf7
1-0